00722nam a22002178a 450000500170000000800410001701000140005802000270007203500130009903700150011204000180012708200120014524501290015726000480028627000480033430000250038250000340040765000180044170000270045970000180048620090520112827.0081125s2009 cau 001 0 eng  aENG-93618 a9788184500806c1150.00 aEN-77151 bDBAD / PUB adplbEnglish  a303.482 aGlobalization, governance, and technology:cedited by Dhirendra K. Vajpeyi (and) Renu Khator bchallenges and alternatives / aNew Delhi bDeep & Deep Publications c2008 aF-159, Rajouri Garden, bNew Delhi e110027 axv, 272p.c25cm(Hb)  aIncludes references and index aGlobalisation aVajpeyi, Dhirendra K.  aKhator, Renu